000 00228nam a2200097Ia 4500
008 230907s9999||||xx |||||||||||||| ||und||
082 _a307.1216
_bCOL
245 0 _aUrban heritage management :
300 _apages cm
942 _cBK
999 _c599348
_d599348